| 000 | 00503nam a2200181 a 4500 | ||
|---|---|---|---|
| 001 | 2472 | ||
| 005 | 20140414131922.0 | ||
| 008 | 050601s19uu xx 00 eng d | ||
| 020 | _a971-8560-21-1 | ||
| 050 |
_aER _bW83 2002 |
||
| 245 | _aWolf in sheep's clothing (The). | ||
| 260 |
_aMakati, Philippines : _bStraight Lines International, _c2002. |
||
| 300 | _a24 p. : ill. ; cm. | ||
| 440 | _aClassic Tales Collection | ||
| 650 |
_aLies _xFiction. |
||
| 650 | _aChildren stories. | ||
| 999 |
_c111797 _d111797 |
||